| 000 | 01358nam a2200373 i 4500 | ||
|---|---|---|---|
| 999 |
_c7305 _d7305 |
||
| 001 | .b74980464 | ||
| 003 | OSt | ||
| 005 | 20210218181221.0 | ||
| 008 | 210208e202011 spcc 000 0 cat|c | ||
| 017 |
_aDL L 630-2020 _bBiblioteca de Catalunya |
||
| 020 | _a9788412146363 | ||
| 040 |
_aES-BaICD _bcat _erda _cES-BaICD |
||
| 043 |
_ae-sp--- _be-spc-- _2catmarc |
||
| 100 | 1 |
_aSaula, Laura, _eautor |
|
| 245 | 1 | 0 |
_aTerra de dones : _bpageses de Catalunya / _cLaura Saula Tañà ; amb pròleg de Teresa Jordà i Meritxell Serret |
| 250 | _a1a edició | ||
| 264 | 1 |
_aJuneda : _bFonoll, _cnovembre de 2020 |
|
| 300 |
_a94 pàgines : _bil·lustracions, fotografies en blanc i negre ; _c24 cm |
||
| 336 |
_atext _btxt _2rdacontent |
||
| 337 |
_asense mediació _bn _2rdamedia |
||
| 338 |
_avolum _bnc _2rdacarrier |
||
| 490 | 1 |
_aLo Plançó ; _v19 |
|
| 650 | 7 |
_aDones en l'agricultura _zCatalunya _2lemac |
|
| 650 | 7 |
_aDones en el medi rural _zCatalunya _xCondicions socials _2lemac |
|
| 650 | 7 |
_aPageses _xTreball _zCatalunya _2lemac |
|
| 653 | _aMón rural | ||
| 653 | _aAgricultura | ||
| 700 | 1 |
_aJordà Roura, Teresa, _eescriptor d'un pròleg |
|
| 700 | 1 |
_aSerret i Aleu, Meritxell, _eescriptor d'un pròleg |
|
| 830 | 0 |
_aPlançó ; _v19 |
|
| 907 |
_a.b74980464 _b09-02-21 _c08-02-21 _d08-02-21 _em _fa _g- _hcat _ispc _j0 _k0 |
||
| 940 | _aICD | ||
| 942 |
_2udc _cMON |
||